Ngoại thương = Foreign trade

Tallennettuna:
Bibliografiset tiedot
Aineistotyyppi: Kirja
Kieli:Undetermined
Julkaistu: Hà Nội Bộ Thương mại. Trung tâm Thông tin thương mại 2018
Aiheet:
Tagit: Lisää tagi
Ei tageja, Lisää ensimmäinen tagi!
Thư viện lưu trữ: Trung tâm Học liệu Trường Đại học Cần Thơ
LEADER 00580nam a2200193Ia 4500
001 CTU_234745
008 210402s9999 xx 000 0 und d
020 |c 0 
082 |a 382 
082 |b Ng404 
245 0 |a Ngoại thương = 
245 0 |b Foreign trade 
245 0 |c Bộ Thương mại. Trung tâm Thông tin thương mại 
260 |a Hà Nội 
260 |b Bộ Thương mại. Trung tâm Thông tin thương mại 
260 |c 2018 
650 |a Foreign trade 
904 |i T.Trang 
980 |a Trung tâm Học liệu Trường Đại học Cần Thơ